Office of Fair Trading v Foxtons Ltd (Record no. 80522)
[ view plain ]
| 000 -LEADER | |
|---|---|
| fixed length control field | 02326cad a22002895a 4500 |
| 001 - CONTROL NUMBER | |
| control field | L144570 |
| 008 - FIXED-LENGTH DATA ELEMENTS--GENERAL INFORMATION | |
| fixed length control field | 080729e20080710xxk f v 000 0 eng d |
| 035 ## - SYSTEM CONTROL NUMBER | |
| System control number | (Sirsi) u144570 |
| 041 0# - LANGUAGE CODE | |
| Language code of text/sound track or separate title | eng |
| 245 00 - TITLE STATEMENT | |
| Title | Office of Fair Trading v Foxtons Ltd |
| Medium | [electronic resource] |
| 260 ## - PUBLICATION, DISTRIBUTION, ETC. | |
| Date of publication, distribution, etc. | 2008 |
| 520 ## - SUMMARY, ETC. | |
| Summary, etc. | [2008] EWHC 1662 (Ch), 10 July 2008. Endorsements in a claim form seeking an injunction restraining an estate agent from enforcing alleged unfair terms contained in its standard form letting agreement were struck out where they would if granted, have prevented the agency from enforcing concluded contracts with its existing customers. Applicant letting agent (F) applied to strike out endorsements from a claim form issued by the respondent OFT (O). O issued a claim against F under the Civil Procedures Rules 1998 after receiving several complaints against F as regards the commission charged to landlords and stated that contract terms were unfair. F applied to strike out the endorsements in so far as they sought to restrain enforcement of terms in existing contracts or sought remedy in respect of previous contract terms. It fell to be determined whether O was entitled to claim an injunction in a collective challenge. Held: application allowed. Only parties to the claim were F and O, as O had failed to join any claimants to the case. The court had to rule on an indicative case, not an individual example and if the injunction had been granted the court would have been ruling on every individual case and would contravene the requirement that the court have specific knowledge of each case as it occurred. |
| 590 ## - LOCAL NOTE (RLIN) | |
| Local note | KA |
| 650 24 - SUBJECT ADDED ENTRY--TOPICAL TERM | |
| Topical term or geographic name entry element | OCEANO GROUPO EDITORIAL SA V QUINTERO |
| 650 24 - SUBJECT ADDED ENTRY--TOPICAL TERM | |
| Topical term or geographic name entry element | UNFAIR TERMS IN CONSUMER CONTRACTS REGULATIONS 1999 |
| 650 24 - SUBJECT ADDED ENTRY--TOPICAL TERM | |
| Topical term or geographic name entry element | CIVIL PROCEDURES RULES 1998 |
| 650 24 - SUBJECT ADDED ENTRY--TOPICAL TERM | |
| Topical term or geographic name entry element | ENTERPRISE ACT 2002 |
| 650 24 - SUBJECT ADDED ENTRY--TOPICAL TERM | |
| Topical term or geographic name entry element | FREIBURGER V HOFSTETTER |
| 650 24 - SUBJECT ADDED ENTRY--TOPICAL TERM | |
| Topical term or geographic name entry element | OFFICE OF FAIR TRADING V FOXTONS LTD |
| 650 24 - SUBJECT ADDED ENTRY--TOPICAL TERM | |
| Topical term or geographic name entry element | BRYEN & LANGLEY LTD V BOSTON |
| 650 24 - SUBJECT ADDED ENTRY--TOPICAL TERM | |
| Topical term or geographic name entry element | CLARO V CENTRO MOVIL MILENIUM SL |
| 650 24 - SUBJECT ADDED ENTRY--TOPICAL TERM | |
| Topical term or geographic name entry element | MEADOWS INDEMNITY CO LTD V INSURANCE CORP OF IRELAND PLC |
| 651 #4 - SUBJECT ADDED ENTRY--GEOGRAPHIC NAME | |
| Geographic name | United Kingdom |
| Chronological subdivision | |
| 690 ## - LOCAL SUBJECT ADDED ENTRY--TOPICAL TERM (OCLC, RLIN) | |
| Topical term or geographic name as entry element | PROPERTY-PROPERTY MANAGEMENT-MANAGING AGENTS |
| 856 40 - ELECTRONIC LOCATION AND ACCESS | |
| Uniform Resource Identifier | <a href="https://www.bailii.org/ew/cases/EWHC/Ch/2008/1662.html">https://www.bailii.org/ew/cases/EWHC/Ch/2008/1662.html</a> |
| Public note | View the case free of charge at www.bailii.org... |
| 942 ## - ADDED ENTRY ELEMENTS (KOHA) | |
| Suppress in OPAC | 0 |
| Withdrawn status | Lost status | Source of classification or shelving scheme | Damaged status | Not for loan | Home library | Current library | Shelving location | Date acquired | Total Checkouts | Full call number | Barcode | Date last seen | Copy number | Price effective from | Koha item type |
|---|---|---|---|---|---|---|---|---|---|---|---|---|---|---|---|
| Dewey Decimal Classification | Virtual | Virtual | Online | 29/07/2008 | ONLINE PUBLICATION | 144570-1001 | 06/08/2019 | 1 | 06/08/2019 | Law report |